Bioresources of Karnataka/ (Record no. 200284)

MARC details
000 -LEADER
fixed length control field 10799nam a22002177a 4500
005 - DATE AND TIME OF LATEST TRANSACTION
control field 20240119132038.0
010 ## - LCCN (DPL NO)
LC control number ENG-138942-43
020 ## - INTERNATIONAL STANDARD BOOK NUMBER
Terms of availability 4360.00
International Standard Book Number 9788181716125 (Part -1)
020 ## - INTERNATIONAL STANDARD BOOK NUMBER
Terms of availability 3730.00
International Standard Book Number 9788181716132 (Part -2)
035 ## - SYSTEM CONTROL NUMBER
System control number EN-122474-75
037 ## - SOURCE OF ACQUISITION
Source of stock number/acquisition DBAD/PUB
082 ## - DEWEY DECIMAL CLASSIFICATION NUMBER
Classification number 333.95432
100 ## - MAIN ENTRY--PERSONAL NAME
Personal name Ramakrishna
245 ## - TITLE STATEMENT
Title Bioresources of Karnataka/
Statement of responsibility, etc by Ramakrishna
260 ## - PUBLICATION, DISTRIBUTION, ETC. (IMPRINT)
Place of publication, distribution, etc Kolkata
Name of publisher, distributor, etc Zoological Survey of India
Date of publication, distribution, etc 2023
270 ## - ADDRESS
Address 234/4, AJC Bose Road, 2nd MOS Building, 13th floor, Nizam Place
City Kolkata
Postal code 700020
300 ## - PHYSICAL DESCRIPTION
Extent 2Part(1432p.'1216pp.)
Other physical details 29cm (HB)
Dimensions ill
490 ## - SERIES STATEMENT
Series statement State Area Series, 26
500 ## - GENERAL NOTE
General note Includes bibliographical references<br/>Part-1(Protozoa to Hemiptera)<br/>Part-2(Hymenoptera to Mammalia)
942 ## - ADDED ENTRY ELEMENTS (KOHA)
Source of classification or shelving scheme Dewey Decimal Classification
Item type English Books
Classification part 333.95432
Call number suffix RAM
Holdings
Withdrawn status Lost status Materials specified (bound volume or other part) Not for loan Collection code Home library Current library Date acquired Source of acquisition Cost, normal purchase price Full call number Barcode Copy number Cost, replacement price Koha item type
    Part-1 Not For Loan Reference Ashok Vihar Ashok Vihar 19/01/2024 DBAD/PUB 4360.00 333.95432 RAM EN-122474 1 4360.00 English Books
    Part-2 Not For Loan Reference Ashok Vihar Ashok Vihar 19/01/2024 DBAD/PUB 3730.00 333.95432 RAM EN-122475 1 3730.00 English Books

© Delhi Public Library
Hit Counter
free hit counter